| 000 | 00673nam a22002297a 4500 | ||
|---|---|---|---|
| 003 | OSt | ||
| 005 | 20220107122848.0 | ||
| 008 | 190426b xxu||||| |||| 00| 0 eng d | ||
| 020 | _a9781789347999 | ||
| 040 | _cIIITMK | ||
| 082 | _a006.31 BON/M | ||
| 100 |
_aBonaccorso, Giuseppe _915374 |
||
| 245 |
_aMachine learning algorithms: _bPopular algorithms for data science and machine learning _cGiuseppe Bonaccorso |
||
| 250 | _a2 | ||
| 260 |
_aBirmingham, _bPackt Publishing, _c2018. |
||
| 300 | _avi, 508p. | ||
| 650 |
_aCOMPUTER SCIENCE _915684 |
||
| 650 |
_aMACHINE LEARNING _915685 |
||
| 650 |
_aDATA SCIENCE _915686 |
||
| 650 |
_aALGORITHMS _915687 |
||
| 942 |
_2ddc _cBK |
||
| 999 |
_c6406 _d6406 |
||